Лига арабских государств - Statistics

General Stats
  • This quiz has been taken 25 times
  • The average score is 17 of 22
Answer Stats
Страна % Correct
Египет
100%
Ирак
100%
Йемен
100%
Саудовская Аравия
100%
Сирия
100%
Бахрейн
86%
Иордания
86%
Катар
86%
Кувейт
86%
Ливан
86%
Марокко
86%
ОАЭ
86%
Оман
86%
Тунис
86%
Алжир
71%
Джибути
71%
Ливия
71%
Мавритания
71%
Сомали
71%
Судан
57%
Палестина
43%
Коморы
14%
No matching quizzes found
Score Distribution
Percent of People with Each Score
Percentile by Number Answered
Your Score History
You have not taken this quiz